Dear Reader

Elmentve itt :
Bibliográfiai részletek
Szerző: Maczelka Noémi
Dokumentumtípus: Könyv része
Megjelent: 2007
Sorozat:A Juhász Gyula Pedagógusképző Kar Ének-Zene Tanszékének kiadványai
Mozart - Liszt - Bartók : tanulmánykötet
Nemzetközi Zenei Konferencia
Kulcsszavak:Zenetudomány - előszó
Online Access:http://acta.bibl.u-szeged.hu/65901
LEADER 00735naa a2200205 i 4500
001 acta65901
005 20260312151225.0
008 200206s2007 hu o 100 eng d
020 |a 978-963-7356-59-9 
040 |a SZTE Egyetemi Kiadványok Repozitórium  |b hun 
041 |a eng 
100 1 |a Maczelka Noémi 
245 1 0 |a Dear Reader  |h [elektronikus dokumentum] /  |c  Maczelka Noémi 
260 |c 2007 
300 |a 4 
490 0 |a A Juhász Gyula Pedagógusképző Kar Ének-Zene Tanszékének kiadványai 
490 0 |a Mozart - Liszt - Bartók : tanulmánykötet 
490 0 |a Nemzetközi Zenei Konferencia 
695 |a Zenetudomány - előszó 
856 4 0 |u http://acta.bibl.u-szeged.hu/65901/1/enek_zene_tanszek_2007_004.pdf  |z Dokumentum-elérés